00867nam a22002177a 450000500170000001000150001702000260003203500140005803700090007208200140008110000240009524501180011926000420023727000670027930000200034670000430036670000430040994200250045299900190047795201530049620250807114309.0 aENG-146375 a9789391772383c450.00 aEN-129907 bDBAD a370.1521 aSarartha, M.983934 aAdvanced Educational Psychology/cM. Sarartha [and] P.N. Lakshmi Shanmugam [and] Edited By Surender Kumar Sharma aChennaibForschung Publicationsc2021 aMogappairbChennaik9626166683mforchungpublications@gmail.com a211p.c22cm(pb) aShanmugam, P.N. LakshmieAuthor979408 aSharma, Surender Kumar eEditor983935 2ddccENh370.15mMSA c212931d212931 001040708NFICaMbMd2025-08-07eDelivery of Books Act Divisiong450.00l0o370.15 MSApEN-129907r2025-08-07 00:00:00t1v450.00w2025-08-07yEN